000 00375nam a22001457a 4500
003 OSt
005 20251204102521.0
008 251204b |||||||| |||| 00| 0 eng d
020 _a1588105830
040 _cHeinemann Library
050 _aDS113 .D69 2002
245 _aLeading Lives
_cArafat, Yasser
260 _aChicago Illinois
_bHeinemann Library
_c2002
942 _2ddc
_cBK
_n0
999 _c9871
_d9871